Plato within your grasp /

Bibliographic Details
Main Author: Proffitt, Brian
Corporate Author: NetLibrary, Inc
Format: eBook
Language:English
Published: Hoboken, NJ : Wiley Pub., [2004]
Subjects:
Online Access:Connect to the full text of this electronic book

MARC

Tag First Indicator Second Indicator Subfields
LEADER 00000cam a2200000Ia 4500
001 in00002005656
005 20220105141839.0
006 m d
007 cr cnu---unuuu
008 040622s2004 nju s 000 0 eng d
020 |a 0764576402 (electronic bk.) 
035 |a (OCoLC)ocm55694945 
040 |a N$T  |c N$T  |d OCLCQ  |d UtOrBLW 
043 |a e-gr--- 
049 |a IKMN 
050 1 4 |a B395  |b P76 2004eb 
082 0 4 |a 184  |2 22 
100 1 |a Proffitt, Brian.  |0 http://id.loc.gov/authorities/names/n93051157 
245 1 0 |a Plato within your grasp /  |c by Brian Proffitt. 
264 1 |a Hoboken, NJ :  |b Wiley Pub.,  |c [2004] 
264 4 |c ©2004 
336 |a text  |b txt  |2 rdacontent 
337 |a computer  |b c  |2 rdamedia 
338 |a online resource  |b cr  |2 rdacarrier 
538 |a Mode of access: World Wide Web. 
506 |a Made available through NetLibrary; access may be limited to NetLibrary affiliated libraries. 
500 |a Title from e-book title screen (viewed June 22, 2004). 
500 |a "The first step to understanding Plato."--E-book 'cover' screen. 
500 |a Electronic resource. 
600 0 0 |a Plato.  |0 http://id.loc.gov/authorities/names/n79139459 
650 0 |a Philosophers  |z Greece.  |0 http://id.loc.gov/authorities/subjects/sh85100838 
655 7 |a Electronic books.  |2 local 
710 2 |a NetLibrary, Inc.  |0 http://id.loc.gov/authorities/names/no99080690 
856 4 1 |u https://proxy.library.tamu.edu/login?url=http://www.netLibrary.com/urlapi.asp?action=summary&v=1&bookid=110111  |z Connect to the full text of this electronic book  |t 0 
994 |a 92  |b IKM 
999 |a MARS 
999 f f |s 0719474f-cd5d-318c-b86c-3e4566f3c823  |i 606eaa5b-1c0b-3fa4-9851-2277910115b8  |t 0 
952 f f |a Texas A&M University  |b College Station  |c Electronic Resources  |d Available Online  |t 0  |e B395 P76 2004eb  |h Library of Congress classification 
998 f f |a B395 P76 2004eb  |t 0  |l Available Online